| 000 | 01717nam a2200241Ia 4500 | ||
|---|---|---|---|
| 003 | Ost | ||
| 005 | 20260416102359.0 | ||
| 008 | 260416s9999||||xx |||||||||||||| ||und|| | ||
| 040 | _cfsecg | ||
| 041 | _aara | ||
| 082 | _a658.15 | ||
| 100 |
_aالمانسبع، رابح أمين _eمؤلف |
||
| 245 | 0 |
_a الهندسة المالية : _bمطبوعة موجهة لطلبة السنة الأولى ماستر في العلوم التجارية : تخصص مالية مؤسسة / _c رابح أمين المانسبع |
|
| 260 |
_aالجزائر _bجامعة الجزائر3: كلية العلوم الإقتصادية، العلوم التجارية وعلوم التسيير _c2022 |
||
| 300 |
_a120 ورقة _bايضاحات _c12 سم |
||
| 504 | _aالمراجع ص.114 | ||
| 520 | _aالتأسيس النظري للهندسة المالية والابتكار المالي،الهندسة المالية وإدارة المخاطر المالية،الأدوات التقليدية للهندسة المالية(الأسهم والسندات)،الأدوات الحديثة للهندسة المالية (المشتقات المالية)،الهندسة المالية وإدارة المحافظ الاستثمارية،دور الهندسة المالية في أزمة قروض الرهن العقاري الأمريكي لسنة2008 ،الهندسة المالية الإسلامية. | ||
| 653 | _aادارة المخاطر | ||
| 653 | _aالادارة المالية | ||
| 653 | _aالهندسة المالية | ||
| 710 |
_aجامعة الجزائر3: كلية العلوم الإقتصادية، العلوم التجارية وعلوم التسيير _eناشر علمي |
||
| 942 | _cHANDOUT | ||
| 999 |
_c41335 _d41335 |
||